[Event "DEM U14 2025"]
[Site "Willingen GER"]
[Date "2025.06.11"]
[Round "5"]
[White "Ratushnyi, Viktor"]
[Black "Sasse, Conan"]
[Result "1/2-1/2"]
[Termination "normal"]
[Board "9"]
[WhiteElo "2057"]
[BlackElo "1872"]
[WhiteClock "00:06:32"]
[BlackClock "00:07:23"]
[PlyCount "56"]
[WhiteFideId "34167293"]
[BlackFideId "34684336"]
[EventCountry "GER"]
[EventRounds "9"]
[EventType "swiss"]
[EventDate "2025.06.07"]

1. e4 {[%clk 01:30:58]} {[%emt 00:00:02]} e5 {[%clk 01:30:53]} {[%emt
00:00:07]} 2. Nf3 {[%clk 01:31:22]} {[%emt 00:00:06]} Nc6 {[%clk 01:31:12]}
{[%emt 00:00:11]} 3. Nc3 {[%clk 01:31:45]} {[%emt 00:00:06]} Nf6 {[%clk
01:31:23]} {[%emt 00:00:20]} 4. Bb5 {[%clk 01:32:08]} {[%emt 00:00:07]} Bc5
{[%clk 01:26:10]} {[%emt 00:05:43]} 5. O-O {[%clk 01:32:18]} {[%emt 00:00:20]}
d6 {[%clk 01:25:34]} {[%emt 00:01:07]} 6. d4 {[%clk 01:30:45]} {[%emt
00:02:02]} exd4 {[%clk 01:25:35]} {[%emt 00:00:29]} 7. Nxd4 {[%clk 01:31:07]}
{[%emt 00:00:08]} Bd7 {[%clk 01:24:49]} {[%emt 00:01:16]} 8. Nxc6 {[%clk
01:27:43]} {[%emt 00:03:53]} bxc6 {[%clk 01:25:01]} {[%emt 00:00:19]} 9. Bd3
{[%clk 01:27:48]} {[%emt 00:00:24]} Ng4 {[%clk 01:16:15]} {[%emt 00:09:17]} 10.
h3 {[%clk 01:23:17]} {[%emt 00:05:01]} Ne5 {[%clk 01:12:32]} {[%emt 00:04:13]}
11. Be2 {[%clk 01:20:40]} {[%emt 00:03:06]} a5 {[%clk 01:06:27]} {[%emt
00:06:36]} 12. Bf4 {[%clk 01:02:49]} {[%emt 00:18:21]} Ng6 {[%clk 00:50:01]}
{[%emt 00:16:56]} 13. Qd2 {[%clk 00:48:16]} {[%emt 00:15:03]} Nxf4 {[%clk
00:43:28]} {[%emt 00:07:02]} 14. Qxf4 {[%clk 00:48:09]} {[%emt 00:00:36]} Bd4
{[%clk 00:43:43]} {[%emt 00:00:16]} 15. Bg4 {[%clk 00:43:29]} {[%emt 00:05:10]}
Bxg4 {[%clk 00:36:39]} {[%emt 00:07:35]} 16. Qxg4 {[%clk 00:43:05]} {[%emt
00:00:54]} Rb8 {[%clk 00:34:26]} {[%emt 00:02:43]} 17. Rab1 {[%clk 00:41:16]}
{[%emt 00:02:18]} Qd7 {[%clk 00:30:25]} {[%emt 00:04:31]} 18. Qg3 {[%clk
00:39:01]} {[%emt 00:02:45]} O-O {[%clk 00:23:39]} {[%emt 00:07:18]} 19. Rbd1
{[%clk 00:27:33]} {[%emt 00:11:56]} Ba7 {[%clk 00:14:15]} {[%emt 00:09:54]} 20.
b3 {[%clk 00:24:07]} {[%emt 00:03:56]} Qe6 {[%clk 00:14:12]} {[%emt 00:00:33]}
21. Rde1 {[%clk 00:15:13]} {[%emt 00:09:24]} f5 {[%clk 00:10:22]} {[%emt
00:04:21]} 22. exf5 {[%clk 00:14:27]} {[%emt 00:01:16]} Qxf5 {[%clk 00:10:45]}
{[%emt 00:00:07]} 23. Re7 {[%clk 00:12:20]} {[%emt 00:02:36]} Rf7 {[%clk
00:11:12]} {[%emt 00:00:04]} 24. Rxf7 {[%clk 00:11:39]} {[%emt 00:01:10]} Qxf7
{[%clk 00:11:41]} {[%emt 00:00:02]} 25. Re1 {[%clk 00:10:18]} {[%emt 00:01:50]}
Bd4 {[%clk 00:11:08]} {[%emt 00:01:03]} 26. Nd1 {[%clk 00:08:47]} {[%emt
00:02:00]} Re8 {[%clk 00:08:39]} {[%emt 00:03:00]} 27. Rxe8+ {[%clk 00:08:21]}
{[%emt 00:00:57]} Qxe8 {[%clk 00:09:05]} {[%emt 00:00:04]} 28. Ne3 {[%clk
00:06:32]} {[%emt 00:02:18]} Qe4 {[%clk 00:07:23]} {[%emt 00:02:12]} 1/2-1/2

[Event "DEM U14 2025"]
[Site "Willingen GER"]
[Date "2025.06.11"]
[Round "5"]
[White "Hempel, Lorenz"]
[Black "Svanidze, Alexander"]
[Result "1-0"]
[Termination "normal"]
[Board "11"]
[WhiteElo "2007"]
[BlackElo "1720"]
[WhiteClock "00:08:56"]
[BlackClock "00:03:45"]
[PlyCount "81"]
[WhiteFideId "34627413"]
[BlackFideId "34623469"]
[EventCountry "GER"]
[EventRounds "9"]
[EventType "swiss"]
[EventDate "2025.06.07"]

1. e4 {[%clk 01:30:58]} {[%emt 00:00:02]} e5 {[%clk 01:30:56]} {[%emt
00:00:04]} 2. Nf3 {[%clk 01:31:23]} {[%emt 00:00:04]} Nf6 {[%clk 01:31:24]}
{[%emt 00:00:04]} 3. Nxe5 {[%clk 01:31:47]} {[%emt 00:00:05]} d6 {[%clk
01:31:48]} {[%emt 00:00:05]} 4. Nf3 {[%clk 01:32:13]} {[%emt 00:00:04]} Nxe4
{[%clk 01:32:15]} {[%emt 00:00:04]} 5. c4 {[%clk 01:29:02]} {[%emt 00:03:41]}
c6 {[%clk 01:26:55]} {[%emt 00:05:50]} 6. Nc3 {[%clk 01:28:13]} {[%emt
00:01:19]} Nxc3 {[%clk 01:25:48]} {[%emt 00:01:38]} 7. dxc3 {[%clk 01:28:35]}
{[%emt 00:00:07]} Be7 {[%clk 01:25:49]} {[%emt 00:00:29]} 8. Bd3 {[%clk
01:19:33]} {[%emt 00:09:32]} O-O {[%clk 01:23:03]} {[%emt 00:03:16]} 9. Qc2
{[%clk 01:16:12]} {[%emt 00:03:51]} h6 {[%clk 01:21:11]} {[%emt 00:02:22]} 10.
Bf4 {[%clk 01:13:41]} {[%emt 00:03:01]} Nd7 {[%clk 01:15:11]} {[%emt 00:06:30]}
11. O-O-O {[%clk 01:13:55]} {[%emt 00:00:16]} Nc5 {[%clk 01:13:34]} {[%emt
00:02:07]} 12. Rhe1 {[%clk 01:08:14]} {[%emt 00:06:11]} d5 {[%clk 01:01:51]}
{[%emt 00:12:12]} 13. cxd5 {[%clk 00:55:23]} {[%emt 00:13:21]} cxd5 {[%clk
01:01:44]} {[%emt 00:00:37]} 14. Bh7+ {[%clk 00:48:15]} {[%emt 00:07:39]} Kh8
{[%clk 01:01:50]} {[%emt 00:00:24]} 15. Ne5 {[%clk 00:48:39]} {[%emt 00:00:06]}
Be6 {[%clk 00:47:24]} {[%emt 00:14:55]} 16. Kb1 {[%clk 00:40:23]} {[%emt
00:08:46]} Bf6 {[%clk 00:34:37]} {[%emt 00:13:17]} 17. g4 {[%clk 00:33:35]}
{[%emt 00:07:18]} Bxe5 {[%clk 00:27:07]} {[%emt 00:08:00]} 18. Bxe5 {[%clk
00:33:46]} {[%emt 00:00:20]} Nd7 {[%clk 00:26:33]} {[%emt 00:01:04]} 19. Bd4
{[%clk 00:31:36]} {[%emt 00:02:40]} Nf6 {[%clk 00:26:37]} {[%emt 00:00:25]} 20.
Bf5 {[%clk 00:30:09]} {[%emt 00:01:57]} Re8 {[%clk 00:18:50]} {[%emt 00:08:17]}
21. g5 {[%clk 00:24:37]} {[%emt 00:06:02]} hxg5 {[%clk 00:18:01]} {[%emt
00:01:19]} 22. Rg1 {[%clk 00:22:26]} {[%emt 00:02:41]} g4 {[%clk 00:13:40]}
{[%emt 00:04:52]} 23. h3 {[%clk 00:21:49]} {[%emt 00:01:07]} g3 {[%clk
00:12:54]} {[%emt 00:01:15]} 24. Rxg3 {[%clk 00:20:04]} {[%emt 00:02:16]} Qd7
{[%clk 00:12:46]} {[%emt 00:00:38]} 25. Bxe6 {[%clk 00:15:50]} {[%emt
00:04:43]} Qxe6 {[%clk 00:13:06]} {[%emt 00:00:10]} 26. a3 {[%clk 00:16:14]}
{[%emt 00:00:07]} Kg8 {[%clk 00:09:11]} {[%emt 00:04:25]} 27. Rdg1 {[%clk
00:15:59]} {[%emt 00:00:45]} Kf8 {[%clk 00:06:52]} {[%emt 00:02:48]} 28. Bc5+
{[%clk 00:15:38]} {[%emt 00:00:51]} Re7 {[%clk 00:06:29]} {[%emt 00:00:53]} 29.
Re3 {[%clk 00:15:04]} {[%emt 00:01:04]} Ne4 {[%clk 00:06:15]} {[%emt 00:00:45]}
30. Bxe7+ {[%clk 00:14:26]} {[%emt 00:01:08]} Qxe7 {[%clk 00:06:23]} {[%emt
00:00:22]} 31. f3 {[%clk 00:14:20]} {[%emt 00:00:36]} Qc5 {[%clk 00:06:46]}
{[%emt 00:00:07]} 32. Ree1 {[%clk 00:14:30]} {[%emt 00:00:20]} Nf6 {[%clk
00:07:00]} {[%emt 00:00:15]} 33. Qg2 {[%clk 00:14:39]} {[%emt 00:00:21]} Ne8
{[%clk 00:07:12]} {[%emt 00:00:19]} 34. Qg5 {[%clk 00:12:50]} {[%emt 00:02:19]}
f6 {[%clk 00:05:57]} {[%emt 00:01:44]} 35. Qg6 {[%clk 00:12:31]} {[%emt
00:00:49]} Qc7 {[%clk 00:05:32]} {[%emt 00:00:55]} 36. Qh5 {[%clk 00:12:02]}
{[%emt 00:00:59]} Qd7 {[%clk 00:05:43]} {[%emt 00:00:19]} 37. f4 {[%clk
00:07:38]} {[%emt 00:04:55]} Rc8 {[%clk 00:04:28]} {[%emt 00:01:44]} 38. f5
{[%clk 00:07:56]} {[%emt 00:00:12]} a5 {[%clk 00:04:24]} {[%emt 00:00:34]} 39.
Rxe8+ {[%clk 00:08:03]} {[%emt 00:00:23]} Qxe8 {[%clk 00:03:42]} {[%emt
00:01:12]} 40. Qh8+ {[%clk 00:08:32]} {[%emt 00:00:02]} Ke7 {[%clk 00:03:45]}
{[%emt 00:00:27]} 41. Re1+ {[%clk 00:08:56]} {[%emt 00:00:05]} 1-0

[Event "DEM U14 2025"]
[Site "Willingen GER"]
[Date "2025.06.11"]
[Round "5"]
[White "Stehning, Toni"]
[Black "Lücke, Julius"]
[Result "1-0"]
[Termination "normal"]
[Board "12"]
[WhiteElo "1873"]
[BlackElo "1749"]
[WhiteClock "00:25:06"]
[BlackClock "00:18:51"]
[PlyCount "55"]
[WhiteFideId "34623477"]
[BlackFideId "34674977"]
[EventCountry "GER"]
[EventRounds "9"]
[EventType "swiss"]
[EventDate "2025.06.07"]

1. e4 {[%clk 01:30:29]} {[%emt 00:00:30]} c5 {[%clk 01:30:52]} {[%emt
00:00:08]} 2. Nf3 {[%clk 01:30:56]} {[%emt 00:00:04]} Nc6 {[%clk 01:31:16]}
{[%emt 00:00:06]} 3. d4 {[%clk 01:31:21]} {[%emt 00:00:04]} cxd4 {[%clk
01:31:40]} {[%emt 00:00:06]} 4. Nxd4 {[%clk 01:31:46]} {[%emt 00:00:06]} Nf6
{[%clk 01:32:00]} {[%emt 00:00:10]} 5. Nc3 {[%clk 01:32:10]} {[%emt 00:00:06]}
e5 {[%clk 01:32:23]} {[%emt 00:00:07]} 6. Ndb5 {[%clk 01:32:36]} {[%emt
00:00:04]} d6 {[%clk 01:32:45]} {[%emt 00:00:08]} 7. Bg5 {[%clk 01:33:00]}
{[%emt 00:00:06]} a6 {[%clk 01:33:06]} {[%emt 00:00:09]} 8. Na3 {[%clk
01:33:25]} {[%emt 00:00:05]} b5 {[%clk 01:33:29]} {[%emt 00:00:06]} 9. Nab1
{[%clk 01:33:11]} {[%emt 00:00:44]} Be7 {[%clk 01:30:39]} {[%emt 00:03:20]} 10.
Bxf6 {[%clk 01:32:52]} {[%emt 00:00:49]} Bxf6 {[%clk 01:30:20]} {[%emt
00:00:50]} 11. a4 {[%clk 01:32:44]} {[%emt 00:00:38]} bxa4 {[%clk 01:26:28]}
{[%emt 00:04:22]} 12. Rxa4 {[%clk 01:30:15]} {[%emt 00:02:58]} O-O {[%clk
01:23:38]} {[%emt 00:03:21]} 13. Bc4 {[%clk 01:26:28]} {[%emt 00:04:16]} Be6
{[%clk 01:12:39]} {[%emt 00:11:30]} 14. Bd5 {[%clk 01:18:55]} {[%emt 00:08:03]}
Qb6 {[%clk 01:07:48]} {[%emt 00:05:21]} 15. O-O {[%clk 01:06:15]} {[%emt
00:13:10]} Rfd8 {[%clk 00:55:43]} {[%emt 00:12:34]} 16. b3 {[%clk 00:59:10]}
{[%emt 00:07:36]} Rac8 {[%clk 00:50:50]} {[%emt 00:05:23]} 17. Nd2 {[%clk
00:45:09]} {[%emt 00:14:31]} Na5 {[%clk 00:38:04]} {[%emt 00:13:15]} 18. Qa1
{[%clk 00:42:18]} {[%emt 00:03:21]} Qc7 {[%clk 00:37:25]} {[%emt 00:01:10]} 19.
Ndb1 {[%clk 00:42:18]} {[%emt 00:00:30]} Nb7 {[%clk 00:35:58]} {[%emt
00:01:57]} 20. Rxa6 {[%clk 00:37:54]} {[%emt 00:04:54]} Bxd5 {[%clk 00:31:12]}
{[%emt 00:05:16]} 21. Nxd5 {[%clk 00:36:37]} {[%emt 00:01:46]} Qxc2 {[%clk
00:28:44]} {[%emt 00:02:59]} 22. Nbc3 {[%clk 00:32:21]} {[%emt 00:04:46]} Nc5
{[%clk 00:26:24]} {[%emt 00:02:49]} 23. Ra2 {[%clk 00:31:38]} {[%emt 00:01:14]}
Qxb3 {[%clk 00:20:23]} {[%emt 00:06:31]} 24. Rb1 {[%clk 00:25:41]} {[%emt
00:06:26]} Qc4 {[%clk 00:20:36]} {[%emt 00:00:17]} 25. Nb6 {[%clk 00:24:16]}
{[%emt 00:01:56]} Nb3 {[%clk 00:18:04]} {[%emt 00:03:01]} 26. Qb2 {[%clk
00:24:30]} {[%emt 00:00:16]} Qxc3 {[%clk 00:18:27]} {[%emt 00:00:07]} 27. Nxc8
{[%clk 00:24:51]} {[%emt 00:00:10]} Rxc8 {[%clk 00:18:51]} {[%emt 00:00:05]}
28. Qxc3 {[%clk 00:25:06]} {[%emt 00:00:15]} 1-0

[Event "DEM U14 2025"]
[Site "Willingen GER"]
[Date "2025.06.11"]
[Round "5"]
[White "Zimmer, Tim"]
[Black "Kalinski, Jan"]
[Result "1-0"]
[Termination "normal"]
[Board "13"]
[WhiteElo "1866"]
[BlackElo "1748"]
[WhiteClock "00:19:33"]
[BlackClock "00:17:14"]
[PlyCount "77"]
[WhiteFideId "34603115"]
[BlackFideId "34660615"]
[EventCountry "GER"]
[EventRounds "9"]
[EventType "swiss"]
[EventDate "2025.06.07"]

1. e4 {[%clk 01:30:58]} {[%emt 00:00:01]} c5 {[%clk 01:30:55]} {[%emt
00:00:06]} 2. Nf3 {[%clk 01:31:21]} {[%emt 00:00:06]} d6 {[%clk 01:31:21]}
{[%emt 00:00:04]} 3. Bb5+ {[%clk 01:31:43]} {[%emt 00:00:07]} Nd7 {[%clk
01:31:46]} {[%emt 00:00:07]} 4. O-O {[%clk 01:28:35]} {[%emt 00:03:37]} Ngf6
{[%clk 01:32:07]} {[%emt 00:00:09]} 5. Re1 {[%clk 01:28:26]} {[%emt 00:00:39]}
a6 {[%clk 01:31:51]} {[%emt 00:00:47]} 6. Bf1 {[%clk 01:24:35]} {[%emt
00:04:20]} g6 {[%clk 01:29:57]} {[%emt 00:02:23]} 7. d4 {[%clk 01:23:17]}
{[%emt 00:01:48]} cxd4 {[%clk 01:30:17]} {[%emt 00:00:11]} 8. Nxd4 {[%clk
01:23:21]} {[%emt 00:00:26]} Bg7 {[%clk 01:27:05]} {[%emt 00:03:41]} 9. Nc3
{[%clk 01:22:15]} {[%emt 00:01:36]} O-O {[%clk 01:27:15]} {[%emt 00:00:21]} 10.
h3 {[%clk 01:20:45]} {[%emt 00:02:00]} Nc5 {[%clk 01:17:53]} {[%emt 00:09:52]}
11. b4 {[%clk 01:13:18]} {[%emt 00:07:58]} Ne6 {[%clk 01:16:59]} {[%emt
00:01:23]} 12. Be3 {[%clk 01:12:30]} {[%emt 00:01:18]} Bd7 {[%clk 01:14:44]}
{[%emt 00:02:45]} 13. a4 {[%clk 01:03:01]} {[%emt 00:09:59]} Rc8 {[%clk
01:14:08]} {[%emt 00:01:06]} 14. Ra3 {[%clk 01:01:56]} {[%emt 00:01:35]} Nxd4
{[%clk 01:10:47]} {[%emt 00:03:51]} 15. Bxd4 {[%clk 01:01:37]} {[%emt
00:00:49]} Re8 {[%clk 01:02:23]} {[%emt 00:08:54]} 16. b5 {[%clk 00:56:50]}
{[%emt 00:05:17]} axb5 {[%clk 01:02:43]} {[%emt 00:00:10]} 17. axb5 {[%clk
00:54:21]} {[%emt 00:03:00]} e5 {[%clk 01:02:17]} {[%emt 00:00:56]} 18. Be3
{[%clk 00:53:35]} {[%emt 00:01:15]} Be6 {[%clk 01:02:06]} {[%emt 00:00:41]} 19.
Nd5 {[%clk 00:38:58]} {[%emt 00:15:07]} Nxd5 {[%clk 00:51:09]} {[%emt
00:11:27]} 20. exd5 {[%clk 00:39:25]} {[%emt 00:00:03]} Bd7 {[%clk 00:51:31]}
{[%emt 00:00:08]} 21. c4 {[%clk 00:37:32]} {[%emt 00:02:23]} f5 {[%clk
00:51:48]} {[%emt 00:00:13]} 22. f3 {[%clk 00:36:29]} {[%emt 00:01:33]} f4
{[%clk 00:51:39]} {[%emt 00:00:39]} 23. Bf2 {[%clk 00:36:29]} {[%emt 00:00:29]}
Qg5 {[%clk 00:51:58]} {[%emt 00:00:12]} 24. Kh1 {[%clk 00:35:36]} {[%emt
00:01:22]} Bf5 {[%clk 00:51:09]} {[%emt 00:01:19]} 25. Ra7 {[%clk 00:33:05]}
{[%emt 00:03:02]} Re7 {[%clk 00:48:50]} {[%emt 00:02:49]} 26. c5 {[%clk
00:31:29]} {[%emt 00:02:06]} dxc5 {[%clk 00:49:01]} {[%emt 00:00:19]} 27. d6
{[%clk 00:31:35]} {[%emt 00:00:24]} Rd7 {[%clk 00:48:43]} {[%emt 00:00:47]} 28.
Qd5+ {[%clk 00:31:05]} {[%emt 00:01:00]} Kh8 {[%clk 00:48:05]} {[%emt
00:01:08]} 29. Rxb7 {[%clk 00:24:37]} {[%emt 00:07:00]} Rxb7 {[%clk 00:45:59]}
{[%emt 00:02:35]} 30. Qxb7 {[%clk 00:25:04]} {[%emt 00:00:03]} Qd8 {[%clk
00:46:20]} {[%emt 00:00:08]} 31. Rd1 {[%clk 00:24:17]} {[%emt 00:01:17]} Qd7
{[%clk 00:33:45]} {[%emt 00:13:06]} 32. Qxd7 {[%clk 00:21:39]} {[%emt
00:03:08]} Bxd7 {[%clk 00:34:10]} {[%emt 00:00:05]} 33. b6 {[%clk 00:19:14]}
{[%emt 00:02:56]} Rb8 {[%clk 00:17:38]} {[%emt 00:17:00]} 34. Bxc5 {[%clk
00:19:16]} {[%emt 00:00:28]} Bf6 {[%clk 00:16:06]} {[%emt 00:02:02]} 35. Ba6
{[%clk 00:18:51]} {[%emt 00:00:55]} Bd8 {[%clk 00:16:02]} {[%emt 00:00:34]} 36.
b7 {[%clk 00:18:52]} {[%emt 00:00:29]} Bc6 {[%clk 00:16:22]} {[%emt 00:00:10]}
37. Ba7 {[%clk 00:19:03]} {[%emt 00:00:19]} Rxb7 {[%clk 00:16:47]} {[%emt
00:00:05]} 38. Bxb7 {[%clk 00:19:27]} {[%emt 00:00:07]} Bxb7 {[%clk 00:17:14]}
{[%emt 00:00:03]} 39. Rb1 {[%clk 00:19:33]} {[%emt 00:00:24]} 1-0

[Event "DEM U14 2025"]
[Site "Willingen GER"]
[Date "2025.06.11"]
[Round "5"]
[White "Prashanthakumar, Arju"]
[Black "Polzin, Gustav"]
[Result "1/2-1/2"]
[Termination "normal"]
[Board "14"]
[WhiteElo "1809"]
[BlackElo "2075"]
[WhiteClock "00:04:54"]
[BlackClock "00:07:52"]
[PlyCount "133"]
[WhiteFideId "34604065"]
[BlackFideId "34603280"]
[EventCountry "GER"]
[EventRounds "9"]
[EventType "swiss"]
[EventDate "2025.06.07"]

1. e4 {[%clk 01:30:57]} {[%emt 00:00:02]} c6 {[%clk 01:30:56]} {[%emt
00:00:05]} 2. d4 {[%clk 01:31:20]} {[%emt 00:00:07]} d5 {[%clk 01:31:23]}
{[%emt 00:00:03]} 3. e5 {[%clk 01:31:43]} {[%emt 00:00:06]} Bf5 {[%clk
01:31:49]} {[%emt 00:00:04]} 4. h4 {[%clk 01:32:01]} {[%emt 00:00:11]} h5
{[%clk 01:32:13]} {[%emt 00:00:07]} 5. Bd3 {[%clk 01:32:21]} {[%emt 00:00:10]}
Bxd3 {[%clk 01:32:27]} {[%emt 00:00:16]} 6. Qxd3 {[%clk 01:32:42]} {[%emt
00:00:09]} Qa5+ {[%clk 01:32:55]} {[%emt 00:00:02]} 7. Nd2 {[%clk 01:32:38]}
{[%emt 00:00:33]} e6 {[%clk 01:33:20]} {[%emt 00:00:06]} 8. Ngf3 {[%clk
01:32:45]} {[%emt 00:00:22]} Qa6 {[%clk 01:33:43]} {[%emt 00:00:08]} 9. c4
{[%clk 01:33:02]} {[%emt 00:00:13]} Ne7 {[%clk 01:34:08]} {[%emt 00:00:04]} 10.
O-O {[%clk 01:32:17]} {[%emt 00:01:14]} Nf5 {[%clk 01:34:36]} {[%emt 00:00:03]}
11. b3 {[%clk 01:31:32]} {[%emt 00:01:15]} Be7 {[%clk 01:35:02]} {[%emt
00:00:04]} 12. a4 {[%clk 01:31:17]} {[%emt 00:00:44]} Qa5 {[%clk 01:35:28]}
{[%emt 00:00:04]} 13. Ba3 {[%clk 01:26:44]} {[%emt 00:05:03]} Bxa3 {[%clk
01:35:50]} {[%emt 00:00:08]} 14. Rxa3 {[%clk 01:27:09]} {[%emt 00:00:05]} Na6
{[%clk 01:36:16]} {[%emt 00:00:04]} 15. b4 {[%clk 01:16:32]} {[%emt 00:11:07]}
Qd8 {[%clk 01:11:19]} {[%emt 00:25:27]} 16. b5 {[%clk 01:09:14]} {[%emt
00:07:48]} Nb8 {[%clk 01:08:33]} {[%emt 00:03:14]} 17. cxd5 {[%clk 01:01:16]}
{[%emt 00:08:30]} Qxd5 {[%clk 01:06:38]} {[%emt 00:02:25]} 18. Rc1 {[%clk
00:49:52]} {[%emt 00:11:53]} O-O {[%clk 01:04:56]} {[%emt 00:02:12]} 19. Rb3
{[%clk 00:42:24]} {[%emt 00:07:57]} Rd8 {[%clk 01:01:58]} {[%emt 00:03:29]} 20.
bxc6 {[%clk 00:42:04]} {[%emt 00:00:51]} Nxc6 {[%clk 01:01:40]} {[%emt
00:00:47]} 21. Rb5 {[%clk 00:40:13]} {[%emt 00:02:21]} Qa2 {[%clk 00:58:02]}
{[%emt 00:04:08]} 22. Nb3 {[%clk 00:36:30]} {[%emt 00:04:13]} Ncxd4 {[%clk
00:39:04]} {[%emt 00:19:28]} 23. Nfxd4 {[%clk 00:31:26]} {[%emt 00:05:32]} Nxd4
{[%clk 00:37:51]} {[%emt 00:01:45]} 24. Nxd4 {[%clk 00:28:43]} {[%emt
00:03:13]} Qxa4 {[%clk 00:37:52]} {[%emt 00:00:29]} 25. Rxb7 {[%clk 00:25:44]}
{[%emt 00:03:29]} Rxd4 {[%clk 00:36:26]} {[%emt 00:01:56]} 26. Qf3 {[%clk
00:22:24]} {[%emt 00:03:48]} Rf4 {[%clk 00:32:26]} {[%emt 00:04:30]} 27. Qxh5
{[%clk 00:19:06]} {[%emt 00:03:49]} Qd4 {[%clk 00:32:23]} {[%emt 00:00:33]} 28.
Rc2 {[%clk 00:16:05]} {[%emt 00:03:30]} a5 {[%clk 00:28:09]} {[%emt 00:04:45]}
29. Rcb2 {[%clk 00:12:28]} {[%emt 00:04:08]} Rd8 {[%clk 00:26:35]} {[%emt
00:02:03]} 30. Rb8 {[%clk 00:10:57]} {[%emt 00:02:00]} Rf5 {[%clk 00:25:48]}
{[%emt 00:01:17]} 31. Qe2 {[%clk 00:09:57]} {[%emt 00:01:30]} Rxb8 {[%clk
00:23:57]} {[%emt 00:02:21]} 32. Rxb8+ {[%clk 00:10:11]} {[%emt 00:00:15]} Kh7
{[%clk 00:24:26]} 33. Rb5 {[%clk 00:08:26]} {[%emt 00:02:15]} a4 {[%clk
00:14:54]} {[%emt 00:10:02]} 34. g3 {[%clk 00:07:18]} {[%emt 00:01:38]} Qc3
{[%clk 00:12:31]} {[%emt 00:02:53]} 35. Qe3 {[%clk 00:04:30]} {[%emt 00:03:18]}
Qxe3 {[%clk 00:11:33]} {[%emt 00:01:28]} 36. fxe3 {[%clk 00:04:55]} {[%emt
00:00:05]} Rf3 {[%clk 00:11:54]} {[%emt 00:00:09]} 37. Kg2 {[%clk 00:04:32]}
{[%emt 00:00:52]} Rxe3 {[%clk 00:12:19]} {[%emt 00:00:06]} 38. Ra5 {[%clk
00:04:44]} {[%emt 00:00:19]} a3 {[%clk 00:12:13]} {[%emt 00:00:36]} 39. Kf2
{[%clk 00:04:40]} {[%emt 00:00:32]} Rb3 {[%clk 00:12:33]} {[%emt 00:00:10]} 40.
Ra7 {[%clk 00:04:33]} {[%emt 00:00:36]} Kg6 {[%clk 00:08:23]} {[%emt 00:04:41]}
41. Kg2 {[%clk 00:01:24]} {[%emt 00:03:37]} f6 {[%clk 00:04:38]} {[%emt
00:04:17]} 42. exf6 {[%clk 00:28:02]} {[%emt 00:03:52]} Kxf6 {[%clk 00:34:33]}
{[%emt 00:00:35]} 43. Ra5 {[%clk 00:25:05]} {[%emt 00:03:26]} e5 {[%clk
00:33:26]} {[%emt 00:01:38]} 44. Kf2 {[%clk 00:23:47]} {[%emt 00:01:46]} Kf5
{[%clk 00:33:25]} {[%emt 00:00:33]} 45. Ra4 {[%clk 00:22:28]} {[%emt 00:01:50]}
Ke6 {[%clk 00:29:53]} {[%emt 00:04:02]} 46. g4 {[%clk 00:17:56]} {[%emt
00:05:02]} Kd5 {[%clk 00:29:43]} {[%emt 00:00:39]} 47. h5 {[%clk 00:15:46]}
{[%emt 00:02:40]} e4 {[%clk 00:25:37]} {[%emt 00:04:37]} 48. g5 {[%clk
00:14:56]} {[%emt 00:01:20]} Ke5 {[%clk 00:24:33]} {[%emt 00:01:34]} 49. h6
{[%clk 00:12:55]} {[%emt 00:02:31]} gxh6 {[%clk 00:24:46]} {[%emt 00:00:17]}
50. gxh6 {[%clk 00:13:19]} {[%emt 00:00:06]} Kf4 {[%clk 00:24:45]} {[%emt
00:00:31]} 51. Kg2 {[%clk 00:09:22]} {[%emt 00:04:27]} Rb2+ {[%clk 00:24:01]}
{[%emt 00:01:14]} 52. Kh3 {[%clk 00:09:27]} {[%emt 00:00:24]} Rb6 {[%clk
00:16:58]} {[%emt 00:07:33]} 53. Rxa3 {[%clk 00:05:53]} {[%emt 00:04:05]} Rxh6+
{[%clk 00:15:41]} {[%emt 00:01:47]} 54. Kg2 {[%clk 00:06:11]} {[%emt 00:00:10]}
Rd6 {[%clk 00:15:12]} {[%emt 00:01:00]} 55. Kf2 {[%clk 00:05:00]} {[%emt
00:01:41]} Rd2+ {[%clk 00:15:21]} {[%emt 00:00:22]} 56. Ke1 {[%clk 00:05:13]}
{[%emt 00:00:16]} Rh2 {[%clk 00:13:44]} {[%emt 00:02:08]} 57. Rb3 {[%clk
00:04:54]} {[%emt 00:00:49]} Ra2 {[%clk 00:13:57]} {[%emt 00:00:17]} 58. Rc3
{[%clk 00:04:41]} {[%emt 00:00:42]} Ke5 {[%clk 00:14:10]} {[%emt 00:00:17]} 59.
Rb3 {[%clk 00:04:39]} {[%emt 00:00:32]} Kd4 {[%clk 00:12:42]} {[%emt 00:01:59]}
60. Rh3 {[%clk 00:04:41]} {[%emt 00:00:28]} Rc2 {[%clk 00:10:32]} {[%emt
00:02:40]} 61. Ra3 {[%clk 00:04:19]} {[%emt 00:00:51]} e3 {[%clk 00:06:55]}
{[%emt 00:04:07]} 62. Ra8 {[%clk 00:04:42]} {[%emt 00:00:07]} Rc4 {[%clk
00:07:03]} {[%emt 00:00:22]} 63. Ke2 {[%clk 00:03:53]} {[%emt 00:01:19]} Rc2+
{[%clk 00:07:05]} {[%emt 00:00:28]} 64. Ke1 {[%clk 00:04:14]} {[%emt 00:00:08]}
Rd2 {[%clk 00:07:07]} {[%emt 00:00:30]} 65. Rd8+ {[%clk 00:04:26]} {[%emt
00:00:18]} Kc3 {[%clk 00:07:27]} {[%emt 00:00:10]} 66. Rxd2 {[%clk 00:04:31]}
{[%emt 00:00:25]} exd2+ {[%clk 00:07:52]} {[%emt 00:00:05]} 67. Kd1 {[%clk
00:04:54]} {[%emt 00:00:07]} Kd3 {[%clk 00:08:19]} {[%emt 00:00:03]} 1/2-1/2